000 00884nas a2200277 4500
001 BR0300824
003 BR-BrBNA
005 20231205103601.0
007 ta
008 230509b bl.|||p| |||| 00| 00por d
040 _aBR-BrBNA
_bpor
_cBiblioteca Nacional de Agricultura
041 _a(Pt)
072 _aF50; F70; P33
100 1 _aConceição, A.A.
100 1 _aGiulietti, A.M.
245 1 _aComposição florística e aspectos estruturais de campo rupestre em dois platôs do Morro do Pai Inácio, Chapada Diamantina, Bahia, Brasil
650 _aBOTÂNICA
650 _aMORFOLOGIA VEGETAL
650 _aTAXONOMIA VEGETAL
650 _aANÁLISE DO SOLO
650 _aQUÍMICA DO SOLO
650 _aBAHIA
773 0 _tHoehnea (Brazil)
_xISSN 0073-2877
_g(Apr 2002), v. 29(1) p. 37-48
_wBR0300824
909 _a202311
_bLúcia
_c55
_dLúcia Elande
942 _2AGRIS
_n0
_cANA
999 _c173651
_d173651